000 01115nam a22002657a 4500
005 20240530110639.0
008 171007s2016 ua a o g b 000 0 ara d
017 _a2015/9755
_bمصر. دار الكتب
020 _a9789777352741
040 _aEG-CaGPL
_cEG-CaGPL
082 0 4 _221
_a363.3481\
_bص م
100 _aصالح محمد صالح
245 0 0 _aفسيولوجيا الغرق :
_bطوارئ التنفس : طوارئ القلب /
_cاعداد و ترجمة صالح محمد صالح ، زكريا انور عبدالغنى .
250 _aط.1
260 _aالاسكندرية :
_bمؤسسة عالم الرياضة للنشر و التوزيع ،
_c2016 .
300 _a163 ص. :
_bصور ؛
_c24 سم .
504 _aببليوجرافية : ص 149 - 160
650 0 7 _2qrmak
_aالانقاذ
650 0 7 _2qrmak
_aالغرق
650 0 7 _2qrmak
_aالانقاذ المائى
700 0 _aصالح محمد صالح
_eمعد ومترجم .
700 0 _aزكريا انور عبدالغنى
_eمعد ومترجم .
942 _2ddc
_cBK
999 _c63399
_d63399